Capitales mondiales les plus proches de Reykjavík - Statistiques

Statistiques générales
  • Ce quiz a été pris 76 fois
  • Le résultat moyen est 16 sur 20
Statistiques - réponses
km capitale % Correct
1751 Oslo
96%
2236 Paris
96%
1891 Londres
95%
1496 Dublin
92%
2131 Bruxelles
91%
2136 Stockholm
91%
2021 Amsterdam
89%
2110 Copenhague
89%
2391 Berlin
88%
2421 Helsinki
88%
2317 Luxembourg
86%
2775 Varsovie
86%
2617 Berne
82%
2455 Tallinn
81%
2581 Riga
78%
2795 Vilnius
74%
2641 Prague
69%
2686 Vaduz
61%
2230 N{uuk}
41%
798 T{órshavn}
24%
Aucun quiz correspondant
Distribution des résultats
% des personnes avec chaque résultat
Percentile par nombre de réponses
Votre historique - résultats
Vous n’avez pas pris ce quiz